Report. 2V. (Record no. 679737)

MARC details
000 -LEADER
fixed length control field 00754nam a2200241Ia 4500
003 - CONTROL NUMBER IDENTIFIER
control field OSt
005 - DATE AND TIME OF LATEST TRANSACTION
control field 20220927102944.0
008 - FIXED-LENGTH DATA ELEMENTS--GENERAL INFORMATION
fixed length control field 220926b |||||||| |||| 00| 0 eng d
037 ## - SOURCE OF ACQUISITION
Terms of availability Reference Collections
040 ## - CATALOGING SOURCE
Original cataloging agency RTL
Transcribing agency RTL
Language of cataloging eng
041 ## - LANGUAGE CODE
Source of code eng
Language code of text/sound track or separate title eng
110 ## - MAIN ENTRY--CORPORATE NAME
Corporate name or jurisdiction name as entry element "Bombay, Economic and Industrial Survey (Committee)"
9 (RLIN) 352040
245 #0 - TITLE STATEMENT
Title Report. 2V.
260 ## - PUBLICATION, DISTRIBUTION, ETC.
Date of publication, distribution, etc. 1946
490 ## - SERIES STATEMENT
Volume/sequential designation V1: Interim orderd of govt on the recommendations of the committee
700 ## - ADDED ENTRY--PERSONAL NAME
Personal name "Bombay, Economic and Industrial Survey (Committee)"
9 (RLIN) 352041
942 ## - ADDED ENTRY ELEMENTS (KOHA)
Classification part "X.235.N38t4, GD"
Koha item type

No items available.

Copyright @ Delhi University Library System